| 000 | 01544nam a22004097a 4500 | ||
|---|---|---|---|
| 003 | CHAP | ||
| 005 | 20220817044217.0 | ||
| 008 | 080506s2005 es r 00010 spa d | ||
| 010 | _a94768 | ||
| 011 | _a95740 | ||
| 020 | _a848476219X | ||
| 035 | _a106370 | ||
| 040 | _cCHAP | ||
| 082 | 0 | 4 |
_a664 _bC27 |
| 100 | 1 | _aCasp Vanaclocha, Ana. | |
| 245 | 1 | 0 |
_aDiseño de industrias agroalimentarias _c/por Ana Casp Vanaclocha |
| 260 |
_aMadrid : _bMundi Pensa, _c2005 |
||
| 300 |
_a294 p. : _bilus., gráfs., cuadros |
||
| 490 | 0 | _aColección Tecnología de alimentos | |
| 590 |
_aBATCH-UPD _b10 _c20130110 _lUCH01 _h0518 |
||
| 590 |
_aBATCH-UPD _b10 _c20130410 _lUCH01 _h0157 |
||
| 590 |
_aBATCH-UPD _b10 _c20130914 _lUCH01 _h0215 |
||
| 590 |
_aBATCH-UPD _b10 _c20190520 _lUCH01 _h1210 |
||
| 590 |
_aCONVERSION _b10 _c20130109 _lUCH01 _h1352 |
||
| 650 | 1 | 4 |
_aAlimentos _xIndustria. _94227 |
| 650 | 1 | 4 |
_aAlimentos _xTecnología. _94284 |
| 650 | 1 | 4 |
_aDiseño industrial. _932732 |
| 650 | 1 | 4 |
_aIndustrias agrícolas. _957925 |
| 650 | 1 | 4 |
_aPlantas industriales. _989009 |
| 830 | 0 | 0 |
_aColección Tecnología de alimentos _924993 |
| 901 | _aBK | ||
| 942 | _cLIBRO | ||
| 949 |
_a664 C27 _bBC _cLIBRO _d33724002045900 _eLIBRO _gI.c/e. _h108986 _i106370 _sb _t$820.00 |
||
| 949 |
_a664 C27 _bBC _cLIBRO _d33724002075347 _eLIBRO _fc.2 _gI.c/e _h110236 _i106370 _sb _t$1,015.00 |
||
| 949 |
_a664 C27 _bBC _cLIBRO _d33724002075389 _eLIBRO _fc.3 _gI.c/e _h110237 _i106370 _si _t$1,015.00 |
||
| 949 |
_a664 C27 _bBC _cLIBRO _d33724002075421 _eLIBRO _fc.4 _gI.c/e _h110238 _i106370 _si _t$1,015.00 |
||
| 999 |
_c94768 _d94768 |
||